Statistics for U.S. Chain Restaurant Menu Quiz

Click here to take the quiz!

General Stats

  • This quiz has been taken 107,220 times
    (51,474 since last reset)
  • The average score is 11 of 20

Answer Stats

Menu ItemRestaurant% Correct
Big MacMcDonalds
100%
WhopperBurger King
98%
FrappuccinoStarbucks
89%
5-Dollar FootlongSubway
86%
FrostyWendy's
86%
7-Layer BurritoTaco Bell
81%
BlizzardDairy Queen
73%
Double DownKFC
60%
Never-Ending Pasta BowlOlive Garden
59%
Grand Slam BreakfastDenny's
57%
Bloomin' OnionOutback Steakhouse
49%
"Animal-Style" Burger In-n-Out Burger
47%
Cheddar Bay BiscuitsRed Lobster
44%
Bonafide ChickenPopeye's
40%
Crazy BreadLittle Caesars
39%
Original Six Dollar BurgerCarl's Jr.
36%
Crave CaseWhite Castle
26%
Awesome BlossomChili's
21%
ButterBurgerCulver's
20%
Big BufordChecker's
15%

Score Distribution

Percentile by Number Answered

Percent of People with Each Score

Your Score History

You have not taken this quiz since the last reset